00721cam a22002177a 4500003000500000005001700005008004100022010001000063011001000073035001000083040000900093100003300102245003700135260014400172300000900316490006100325650001600386650002100402650001900423830006100442CHAP20220329135310.0971013s1981 r 00010 d a33997 a34969 a39085 cCHAP00aMéndez Ramírez, Ignacio.13aLa estadística y la biología aMéxico, D.F. :bUniversidad Nacional Autónoma de México. Instituto de Investigaciones en Matemáticas Aplicadas y en Sistemas,c1981 a41 h 0aComunicaciones técnica. Serie azul: Monografíav; 5314aBiología.14aBiomatemática.14aEstadística.0 aComunicaciones técnica. Serie azul: Monografíav; 53